[Event "4NCL/Div2a/JUTK vs. BRJ"]
[Site "Hinckley Island ENG"]
[Date "2008.12.06"]
[Round "3.8"]
[White "Streeter, Harry"]
[Black "Wilson, Alexandra"]
[Result "0-1"]
[WhiteElo "1924"]
[BlackElo "2026"]
[PlyCount "48"]
[EventDate "2008.12.06"]
[SourceDate "2008.10.04"]

1. e4 e6 2. d4 d5 3. exd5 exd5 4. Be3 Nf6 5. Bd3 Bd6 6. Ne2 Bg4 7. f3 Bh5 8.
Nbc3 c6 9. Qd2 Bg6 10. O-O-O Nbd7 11. g4 Bxd3 12. Qxd3 Qc7 13. Ng3 g6 14. Nce2
O-O-O 15. Qd2 Rde8 16. Rhe1 Nb6 17. b3 Nc4 18. Qd3 Rxe3 19. bxc4 Rxd3 20. cxd3
Ba3+ 21. Kc2 Bb4 22. Rf1 Qa5 23. Nc1 Re8 24. Rf2 Qa4+ 0-1

[Event "4NCL/Div2a/WES2 vs. BARY"]
[Site "Hinckley Island ENG"]
[Date "2008.12.06"]
[Round "3.1"]
[White "Buchkremer, Felix"]
[Black "Coleman, David"]
[Result "0-1"]
[WhiteElo "2081"]
[BlackElo "2209"]
[PlyCount "130"]
[EventDate "2008.12.06"]
[SourceDate "2008.10.04"]

1. e4 c5 2. c3 g6 3. d4 cxd4 4. cxd4 Bg7 5. Nc3 d6 6. h3 Nf6 7. Nf3 O-O 8. Bd3
Nc6 9. O-O e5 10. dxe5 dxe5 11. Be3 b6 12. Qe2 Nd4 13. Bxd4 exd4 14. Nb5 Bb7
15. Rac1 Ne8 16. Bc4 Nd6 17. Nbxd4 Bxe4 18. Rfd1 Qf6 19. Ba6 Rfe8 20. Qd2 Nf5
21. Nxf5 Bxf5 22. Rc3 Rad8 23. Qc1 Rxd1+ 24. Qxd1 Rd8 25. Qe2 Qd6 26. Rc1 Bf6
27. b3 Kg7 28. Bb5 Bd3 29. Bxd3 Qxd3 30. Qxd3 Rxd3 31. Rc7 a5 32. Rb7 Rd6 33.
Kf1 h6 34. Ke2 Bc3 35. Rc7 Bb4 36. Ne5 Rd2+ 37. Ke3 Rxa2 38. Rxf7+ Kg8 39. Rf6
Bc5+ 40. Kd3 g5 41. Kc4 Bxf2 42. Ng4 Bg1 43. Nxh6+ Kh7 44. Ng4 Rc2+ 45. Kb5
Rxg2 46. Rf7+ Kg6 47. Ne5+ Kh6 48. Ng4+ Kh5 49. Rh7+ Kg6 50. Rh6+ Kf5 51. Nf6
Rd2 52. Ne8 Rd4 53. Nd6+ Kf4 54. Nc4 Rd5+ 55. Ka6 Kg3 56. Nxb6 Bxb6 57. Kxb6
Rd3 58. Rh5 Rxb3+ 59. Kxa5 Kf4 60. Ka4 Rb2 61. h4 g4 62. Rh8 g3 63. h5 Rh2 64.
h6 g2 65. Rg8 Kf3 0-1

[Event "4NCL/Div2a/WES2 vs. BARY"]
[Site "Hinckley Island ENG"]
[Date "2008.12.06"]
[Round "3.2"]
[White "Ynojosa, Felix J"]
[Black "Marsh, Roger"]
[Result "1-0"]
[WhiteElo "2145"]
[BlackElo "2088"]
[PlyCount "92"]
[EventDate "2008.12.06"]
[SourceDate "2008.10.04"]

1. e4 g6 2. d4 Bg7 3. c3 d5 4. exd5 Qxd5 5. Nf3 Nf6 6. Be2 O-O 7. O-O Qd8 8.
Nbd2 Nbd7 9. Nb3 c6 10. Bg5 Re8 11. Re1 Qc7 12. Bh4 b6 13. Bg3 Qd8 14. Bc4 Nd5
15. Nc1 Bb7 16. Nd3 Rc8 17. Nde5 Nxe5 18. Bxe5 c5 19. Qb3 e6 20. Rad1 Bxe5 21.
Rxe5 Qc7 22. Bb5 c4 23. Qc2 Red8 24. Qd2 Ne7 25. Ng5 Rd5 26. Rxd5 Bxd5 27. Qe3
Nf5 28. Qe2 Qf4 29. Nh3 Qc7 30. Re1 a6 31. Ba4 b5 32. Bc2 Ne7 33. Qg4 Nc6 34.
Nf4 f5 35. Qg3 Qf7 36. Nxd5 exd5 37. Qd6 Kh8 38. Kf1 Qc7 39. Qxd5 Qxh2 40. Qd7
Qh1+ 41. Ke2 Qh5+ 42. f3 Na7 43. Kd1 Qh2 44. Qxa7 Qxg2 45. Qxa6 Qxf3+ 46. Kc1
Qh3 1-0

[Event "4NCL/Div2a/WES2 vs. BARY"]
[Site "Hinckley Island ENG"]
[Date "2008.12.06"]
[Round "3.3"]
[White "Gregory, Keith D"]
[Black "Sen, Subin"]
[Result "0-1"]
[WhiteElo "2067"]
[BlackElo "2073"]
[PlyCount "76"]
[EventDate "2008.12.06"]
[SourceDate "2008.10.04"]

1. Nf3 Nf6 2. g3 g6 3. b3 Bg7 4. Bb2 O-O 5. Bg2 d6 6. O-O e5 7. c4 Nbd7 8. d3
c6 9. Qc2 Qe7 10. Nbd2 a5 11. a3 Ne8 12. b4 f5 13. Rab1 Nef6 14. Ne1 g5 15. Bc3
axb4 16. axb4 h5 17. Qb3 Kh8 18. Nc2 f4 19. Ra1 Rxa1 20. Bxa1 h4 21. d4 exd4
22. Nxd4 Ne5 23. gxf4 gxf4 24. Kh1 Nh7 25. Be4 Ng5 26. f3 Nh3 27. Qc2 Qg5 28.
Bd3 d5 29. cxd5 cxd5 30. Nb5 Rg8 31. Bh7 Rf8 32. Bd4 Qh6 33. Bd3 Nxd3 34. Qxd3
Rg8 35. Qc3 Bf5 36. e4 fxe3 37. Qxe3 Qg6 38. Nc7 Kh7 0-1

[Event "4NCL/Div2a/WES2 vs. BARY"]
[Site "Hinckley Island ENG"]
[Date "2008.12.06"]
[Round "3.4"]
[White "Bhatia, Kanwal K"]
[Black "Pleasants, Allan J"]
[Result "1-0"]
[WhiteElo "2065"]
[BlackElo "2100"]
[PlyCount "63"]
[EventDate "2008.12.06"]
[SourceDate "2008.10.04"]

1. e4 g6 2. d4 Bg7 3. Nc3 c6 4. Nf3 d6 5. Bg5 Bg4 6. Qd2 Bxf3 7. gxf3 Nd7 8.
O-O-O b5 9. e5 h6 10. Bh4 g5 11. Bg3 d5 12. e6 Nb6 13. exf7+ Kxf7 14. Qd3 Nc4
15. Qf5+ Nf6 16. Bh3 g4 17. Bxg4 h5 18. Qe6+ Kf8 19. Bf5 Nd6 20. Be5 Nxf5 21.
Qxf5 Qd7 22. Qg6 Qe8 23. Qd3 Qf7 24. Rhg1 Bh6+ 25. Kb1 Rg8 26. Ne2 Nd7 27.
Rxg8+ Kxg8 28. Rg1+ Kf8 29. Rg6 Nxe5 30. dxe5 Bg7 31. e6 Qe8 32. Nf4 1-0

[Event "4NCL/Div2a/WES2 vs. BARY"]
[Site "Hinckley Island ENG"]
[Date "2008.12.06"]
[Round "3.5"]
[White "Clark, Ian C"]
[Black "O'Toole, George E"]
[Result "1-0"]
[WhiteElo "2106"]
[BlackElo "2054"]
[PlyCount "81"]
[EventDate "2008.12.06"]
[SourceDate "2008.10.04"]

1. e4 e5 2. Nf3 Nc6 3. Bc4 Bc5 4. O-O Nf6 5. c3 Nxe4 6. d4 exd4 7. cxd4 Bb4 8.
d5 Ne7 9. Qd4 Nf6 10. Bg5 c5 11. Qe3 d6 12. Bxf6 gxf6 13. Nbd2 Kd7 14. Ne4 Ng6
15. a3 Ba5 16. b4 cxb4 17. axb4 Bb6 18. Qc3 Ne5 19. Bb5+ Ke7 20. Nxe5 fxe5 21.
Qg3 Kf8 22. Qf3 f5 23. Ng3 Qg5 24. Bd3 f4 25. Ne4 Qh6 26. Rfc1 Bd7 27. Nc5 dxc5
28. bxc5 Rg8 29. cxb6 Qxb6 30. Rab1 Qd6 31. Rxb7 Rg7 32. Qe4 a5 33. Rcc7 a4 34.
Rxd7 Qxd7 35. Rxd7 Rxd7 36. Qxe5 Ra5 37. Qf6+ Ke8 38. d6 a3 39. Qh8+ Kf7 40.
Bc4+ Kg6 41. Qe8+ 1-0

[Event "4NCL/Div2a/WES2 vs. BARY"]
[Site "Hinckley Island ENG"]
[Date "2008.12.06"]
[Round "3.6"]
[White "Wells, Daniel"]
[Black "Taylor-Bowd, Phil"]
[Result "0-1"]
[WhiteElo "2012"]
[BlackElo "2025"]
[PlyCount "94"]
[EventDate "2008.12.06"]
[SourceDate "2008.10.04"]

1. e4 d6 2. d4 Nf6 3. Nc3 e5 4. Nf3 Nbd7 5. Be2 c6 6. h3 Be7 7. Be3 O-O 8. O-O
b5 9. a3 Bb7 10. Qd2 a6 11. b4 Qc7 12. Rfe1 Rfe8 13. Bd3 Rac8 14. Na2 exd4 15.
Bf4 Qb6 16. c3 dxc3 17. Nxc3 c5 18. Rad1 Bf8 19. Bb1 cxb4 20. axb4 Ne5 21. Nd4
Nc4 22. Qa2 Ne5 23. Qd2 Qc7 24. Nd5 Bxd5 25. exd5 Nc4 26. Qc2 Rxe1+ 27. Rxe1
Na3 28. Qxc7 Rxc7 29. Bf5 Nxd5 30. Bc1 Nc4 31. Re8 Re7 32. Rxe7 Bxe7 33. Nc6
Kf8 34. Bc8 Nc7 35. Kf1 Ke8 36. Ke2 Nb6 37. Bg4 Nd7 38. Be3 Ne5 39. Nxe7 Nxg4
40. Nf5 Nxe3 41. Kxe3 Nd5+ 42. Kd4 Nxb4 43. Nxd6+ Ke7 44. Ne4 f5 45. Nc5 a5 46.
Nb7 a4 47. Kc3 Na6 0-1

[Event "4NCL/Div2a/WES2 vs. BARY"]
[Site "Hinckley Island ENG"]
[Date "2008.12.06"]
[Round "3.7"]
[White "Tunks, Dominic"]
[Black "Cumming, Rhys"]
[Result "1-0"]
[WhiteElo "1945"]
[BlackElo "1894"]
[PlyCount "73"]
[EventDate "2008.12.06"]
[SourceDate "2008.10.04"]

1. e4 e5 2. Bc4 Nf6 3. d3 Nc6 4. f4 d6 5. Nf3 Be6 6. Bb5 Bd7 7. Bxc6 Bxc6 8.
fxe5 Nd7 9. Bg5 Be7 10. Bxe7 Qxe7 11. exd6 Qxd6 12. Qd2 O-O-O 13. Nc3 Ne5 14.
Nxe5 Qxe5 15. O-O-O Rhe8 16. Rdf1 f6 17. g4 Qa5 18. Rf5 Qa6 19. Qf2 Bd7 20. Rc5
b6 21. Rh5 h6 22. Rg1 Be6 23. a3 c6 24. Rh3 Re7 25. Rf3 b5 26. Qc5 Rb7 27. e5
Bd5 28. Ne4 Bxe4 29. dxe4 fxe5 30. Rgf1 b4 31. Rf8 Rbd7 32. Qxb4 Qe2 33. b3 a5
34. Qxa5 Rd1+ 35. Kb2 Qxg4 36. Qa8+ Kc7 37. R1f7+ 1-0

[Event "4NCL/Div2a/WES2 vs. BARY"]
[Site "Hinckley Island ENG"]
[Date "2008.12.06"]
[Round "3.8"]
[White "Ynojosa, Angelica M"]
[Black "Thilaganathan, Jessica"]
[Result "1/2-1/2"]
[WhiteElo "1725"]
[BlackElo "1891"]
[PlyCount "94"]
[EventDate "2008.12.06"]
[SourceDate "2008.10.04"]

1. e4 e6 2. d4 d5 3. exd5 exd5 4. Nf3 Nf6 5. Bg5 Be7 6. Be2 O-O 7. O-O Ne4 8.
Bxe7 Qxe7 9. Nbd2 f5 10. Ne5 Nd7 11. Ndf3 Ndf6 12. c3 Be6 13. Qc1 Rae8 14. Ng5
Nxg5 15. Qxg5 Ne4 16. Qxe7 Rxe7 17. Rad1 g6 18. f3 Nd6 19. b3 f4 20. Bd3 Bf5
21. Rfe1 Rfe8 22. Bxf5 Nxf5 23. Kf2 g5 24. g3 fxg3+ 25. hxg3 c5 26. f4 cxd4 27.
cxd4 h6 28. Rh1 Rc7 29. Rd2 Nd6 30. Re2 Ne4+ 31. Kg2 Rc3 32. Rh3 Kg7 33. fxg5
hxg5 34. g4 Rxh3 35. Kxh3 Rc8 36. Re3 Rh8+ 37. Kg2 Rf8 38. Re2 Rc8 39. Kf3 Rc3+
40. Re3 Rc2 41. Re2 Rxe2 42. Kxe2 Nc3+ 43. Kd2 Nxa2 44. Nd3 a5 45. Kc2 b6 46.
Kb2 Nb4 47. Nxb4 axb4 1/2-1/2

[Event "4NCL/Div2a/PPA1 vs. ANGA"]
[Site "Hinckley Island ENG"]
[Date "2008.12.06"]
[Round "3.1"]
[White "Posazhennikov, Alex"]
[Black "Talsma, Paul A"]
[Result "0-1"]
[WhiteElo "2270"]
[BlackElo "2237"]
[PlyCount "72"]
[EventDate "2008.12.06"]
[SourceDate "2008.10.04"]

1. d4 f5 2. e4 fxe4 3. Nc3 Nf6 4. Bg5 Nc6 5. d5 Ne5 6. Qd4 Nf7 7. h4 e5 8. Qa4
Be7 9. Bxf6 Bxf6 10. Nxe4 O-O 11. d6 Nxd6 12. Nxd6 cxd6 13. Bc4+ Kh8 14. Bd5
Qc7 15. Ne2 b5 16. Qe4 Rb8 17. Rd1 b4 18. Rh3 Ba6 19. Rd2 Be7 20. g3 Qa5 21.
Qe3 Bd8 22. Rh2 Bb6 23. Qe4 b3 24. Nc3 bxa2 25. Nxa2 Rxf2 26. Rhxf2 Bxf2+ 27.
Kd1 Bxg3 28. c3 Bf4 29. Rg2 Bb5 30. b3 Qd8 31. h5 Qh4 32. Qf3 Qh1+ 33. Kc2 Qa1
34. b4 Ba4+ 35. Kd3 Qb1+ 36. Ke2 Bd1+ 0-1

[Event "4NCL/Div2a/PPA1 vs. ANGA"]
[Site "Hinckley Island ENG"]
[Date "2008.12.06"]
[Round "3.2"]
[White "Spence, David"]
[Black "Swanson, Stephen"]
[Result "0-1"]
[WhiteElo "2214"]
[BlackElo "2225"]
[PlyCount "92"]
[EventDate "2008.12.06"]
[SourceDate "2008.10.04"]

1. e4 g6 2. d4 Bg7 3. Nc3 d6 4. Bg5 a6 5. Qd2 Nd7 6. Nf3 h6 7. Be3 b6 8. Bd3
Bb7 9. O-O e6 10. Rfe1 Ne7 11. Ne2 Nf6 12. Nc3 d5 13. Bf4 g5 14. Be5 g4 15.
Bxf6 Bxf6 16. Ne5 Bxe5 17. dxe5 d4 18. Ne2 Ng6 19. Nxd4 Qg5 20. Qc3 Qxe5 21.
Rad1 O-O-O 22. Ne2 h5 23. Qa3 a5 24. b4 axb4 25. Qxb4 h4 26. a4 h3 27. g3 Qf6
28. Nc3 Rd4 29. Qb3 Ne5 30. Re3 Nf3+ 31. Kh1 Rh5 32. Ne2 Rd8 33. Nf4 Re5 34.
Qc3 Qe7 35. Rb1 Rc5 36. Qg7 Ng5 37. Kg1 Nf3+ 38. Kh1 Ng5 39. Kg1 Kb8 40. Qb2
Qd6 41. Qb4 f5 42. a5 Rxa5 43. Qxd6 Rxd6 44. e5 Rd4 45. Bxf5 exf5 46. e6 Nf3+
0-1

[Event "4NCL/Div2a/PPA1 vs. ANGA"]
[Site "Hinckley Island ENG"]
[Date "2008.12.06"]
[Round "3.3"]
[White "Dargan, Paul"]
[Black "Munson, Shaun D"]
[Result "0-1"]
[WhiteElo "2207"]
[BlackElo "2168"]
[PlyCount "138"]
[EventDate "2008.12.06"]
[SourceDate "2008.10.04"]

1. e4 c5 2. Nf3 Nc6 3. c3 Nf6 4. e5 Nd5 5. d4 cxd4 6. Bc4 e6 7. cxd4 d6 8. O-O
Be7 9. a3 O-O 10. Re1 Bd7 11. Bd2 Rc8 12. Nc3 Nb6 13. Bd3 f6 14. exd6 Bxd6 15.
Qc2 Kh8 16. Rad1 Ne7 17. Re4 f5 18. Rh4 Ng6 19. Rh3 Nf4 20. Bxf4 Bxf4 21. Qe2
Qf6 22. Ne5 Bxe5 23. dxe5 Qf7 24. Bb1 Bc6 25. Ba2 Rcd8 26. Rhd3 Rxd3 27. Rxd3
h6 28. Rd6 Re8 29. f4 Nc8 30. Rd3 Qe7 31. b4 a6 32. Qf2 b6 33. Bb3 a5 34. Rd4
axb4 35. axb4 Qa7 36. Qa2 Qe7 37. b5 Qc5 38. Qd2 Rd8 39. Ne2 Bxb5 40. Kh1 Rxd4
41. Nxd4 Qa3 42. h3 Ne7 43. Bxe6 Bd3 44. Bb3 Qa1+ 45. Kh2 Qxd4 46. Bc2 g5 47.
Bxd3 Qxf4+ 48. Qxf4 gxf4 49. Kg1 Kg7 50. Kf2 Nc6 51. Bxf5 Nxe5 52. g3 Kf6 53.
Bc2 Kg5 54. Bb3 Nd3+ 55. Kf3 fxg3 56. Kxg3 b5 57. Bc2 Nc5 58. h4+ Kf6 59. Kf4
b4 60. Ke3 Ke5 61. Bh7 b3 62. Kd2 Kd4 63. h5 Kc4 64. Bg8+ Kb4 65. Bxb3 Kxb3 66.
Ke3 Ne6 67. Ke4 Ng7 68. Ke5 Nxh5 69. Kf5 Ng7+ 0-1

[Event "4NCL/Div2a/PPA1 vs. ANGA"]
[Site "Hinckley Island ENG"]
[Date "2008.12.06"]
[Round "3.4"]
[White "Gray, Mark S"]
[Black "Goodger, Martyn"]
[Result "1-0"]
[WhiteElo "2125"]
[BlackElo "2164"]
[PlyCount "49"]
[EventDate "2008.12.06"]
[SourceDate "2008.10.04"]

1. e4 e5 2. Nf3 d6 3. Bc4 Be7 4. d4 exd4 5. Nxd4 Nf6 6. Nc3 O-O 7. O-O Re8 8.
f4 Bf8 9. Qd3 c6 10. b4 b5 11. Bb3 a5 12. e5 axb4 13. exf6 bxc3 14. fxg7 Bxg7
15. f5 Qf6 16. Rf4 b4 17. Rg4 h6 18. Rg6 Ba6 19. Rxf6 Bxd3 20. Bxf7+ Kf8 21.
Bxh6 Bxh6 22. Bxe8+ Kxe8 23. Rxh6 Bc4 24. Rh7 Nd7 25. Re1+ 1-0

[Event "4NCL/Div2a/PPA1 vs. ANGA"]
[Site "Hinckley Island ENG"]
[Date "2008.12.06"]
[Round "3.5"]
[White "Byway, Paul"]
[Black "Gregory, Stephen J"]
[Result "1-0"]
[WhiteElo "2154"]
[BlackElo "2187"]
[PlyCount "103"]
[EventDate "2008.12.06"]
[SourceDate "2008.10.04"]

1. d4 Nf6 2. Nf3 d6 3. Bf4 g6 4. e3 Bg7 5. h3 O-O 6. c4 c5 7. Nc3 Qa5 8. Qd2
cxd4 9. exd4 Nbd7 10. Be2 Re8 11. O-O e5 12. dxe5 dxe5 13. Nb5 Qb6 14. Be3 Qc6
15. Qd6 e4 16. Nd2 Qxd6 17. Nxd6 Re6 18. Nb5 Ne8 19. Nxa7 b6 20. Nxc8 Rxc8 21.
Rab1 Nd6 22. Rfd1 Ne5 23. b3 Nf5 24. Nxe4 Nxe3 25. fxe3 Nc6 26. Bf3 Nb4 27. a4
h6 28. Rd7 Be5 29. Rbd1 Kf8 30. Nd6 Bxd6 31. R1xd6 Rxe3 32. Rxb6 Nd3 33. Bd5
Re1+ 34. Kh2 Ne5 35. Rdb7 Ke8 36. Rb8 Rxb8 37. Rxb8+ Ke7 38. Rb7+ Kf6 39. a5
Ra1 40. b4 h5 41. Kg3 g5 42. Kf2 Ra3 43. Ke2 Kf5 44. c5 g4 45. hxg4+ hxg4 46.
c6 Kf4 47. c7 Re3+ 48. Kd2 Rd3+ 49. Kc2 Rxd5 50. c8=Q Ke3 51. Qf5 Rd2+ 52. Kc3
1-0

[Event "4NCL/Div2a/PPA1 vs. ANGA"]
[Site "Hinckley Island ENG"]
[Date "2008.12.06"]
[Round "3.6"]
[White "Bucknell, Malcolm"]
[Black "Borman, Philip J"]
[Result "1/2-1/2"]
[WhiteElo "2175"]
[BlackElo "2215"]
[PlyCount "31"]
[EventDate "2008.12.06"]
[SourceDate "2008.10.04"]

1. c3 d5 2. Nf3 Nf6 3. g3 c6 4. Bg2 Bf5 5. d3 h6 6. O-O e6 7. Qb3 Qb6 8. Be3
Qxb3 9. axb3 a6 10. b4 Nbd7 11. Nd4 Bh7 12. Nb3 Ng4 13. Bd2 Be7 14. Na3 O-O 15.
h3 Ngf6 16. Be3 1/2-1/2

[Event "4NCL/Div2a/PPA1 vs. ANGA"]
[Site "Hinckley Island ENG"]
[Date "2008.12.06"]
[Round "3.7"]
[White "Richter, Hans"]
[Black "Wallis, Ian"]
[Result "1-0"]
[WhiteElo "2144"]
[BlackElo "1951"]
[PlyCount "39"]
[EventDate "2008.12.06"]
[SourceDate "2008.10.04"]

1. d4 d5 2. c4 Nc6 3. cxd5 Qxd5 4. e3 e5 5. Nc3 Bb4 6. Bd2 Bxc3 7. bxc3 Nf6 8.
f3 O-O 9. Bd3 exd4 10. cxd4 Bf5 11. Bxf5 Qxf5 12. Ne2 Rfe8 13. Qb1 Qg5 14. O-O
b6 15. Qc2 Ne7 16. e4 Qh4 17. Qxc7 Nxe4 18. fxe4 Qxe4 19. Rf2 Qd3 20. Qc3 1-0

[Event "4NCL/Div2a/PPA1 vs. ANGA"]
[Site "Hinckley Island ENG"]
[Date "2008.12.06"]
[Round "3.8"]
[White "Boulton, William"]
[Black "Mountford, Corinne"]
[Result "1-0"]
[WhiteElo "1990"]
[BlackElo "1650"]
[PlyCount "77"]
[EventDate "2008.12.06"]
[SourceDate "2008.10.04"]

1. d4 g6 2. c4 d6 3. Nc3 Bg7 4. e4 e5 5. d5 Nd7 6. Bd3 Ne7 7. Bg5 h6 8. Be3 b6
9. f3 O-O 10. Qd2 Kh7 11. O-O-O a6 12. h4 f5 13. g3 Nf6 14. f4 Ng4 15. h5 Nxe3
16. hxg6+ Nxg6 17. Qxe3 exf4 18. gxf4 Qe8 19. Nge2 Kg8 20. Rdg1 Qf7 21. e5 dxe5
22. fxe5 Kh7 23. e6 Qf6 24. Qg3 Bh8 25. Qxc7+ Bg7 26. Rg2 Rg8 27. Rgh2 Qg5+ 28.
Kb1 Qe7 29. Qxe7 Nxe7 30. d6 Bxe6 31. dxe7 Rae8 32. Nd5 Rb8 33. Nef4 Bd7 34.
Rh5 Rb7 35. Bxf5+ Bxf5+ 36. Rxf5 Bd4 37. Rf7+ Bg7 38. Nf6+ Kh8 39. Ng6# 1-0

[Event "4NCL/Div2a/OXF1 vs. JUTK"]
[Site "Hinckley Island ENG"]
[Date "2008.12.07"]
[Round "4.1"]
[White "Savage, Ben D"]
[Black "Williams, Simon K"]
[Result "0-1"]
[WhiteElo "2308"]
[BlackElo "2494"]
[PlyCount "136"]
[EventDate "2008.12.07"]
[SourceDate "2008.10.04"]

1. d4 Nf6 2. c4 g6 3. Nc3 Bg7 4. e4 d6 5. Nf3 O-O 6. Be2 e5 7. O-O Nbd7 8. Bg5
h6 9. Bh4 g5 10. Bg3 Nh5 11. d5 Nf4 12. Ne1 f5 13. exf5 Nb6 14. Nc2 Bxf5 15.
Ne3 Bg6 16. f3 Nd7 17. Qd2 a5 18. Bd1 Nc5 19. Bc2 Qf6 20. Ng4 Qf7 21. Nf2 h5
22. Nfe4 Bxe4 23. Nxe4 Nxe4 24. Bxe4 Bh6 25. Rae1 Qg7 26. Kh1 g4 27. Bb1 Rf7
28. Qc2 Raf8 29. b3 Bg5 30. Bxf4 Rxf4 31. Qg6 Qxg6 32. Bxg6 h4 33. Be4 R4f6 34.
Rg1 Bd2 35. Rd1 Be3 36. Rge1 Bf2 37. Re2 Bc5 38. Ree1 Rf4 39. fxg4 Bb4 40. g3
hxg3 41. hxg3 Rxg4 42. Re2 Rxg3 43. Rg1 Rxg1+ 44. Kxg1 Bc5+ 45. Kg2 Rf4 46. Bf3
Rd4 47. Re4 Rd2+ 48. Re2 Rd1 49. Kh3 Rc1 50. Kg4 a4 51. Kf5 Rf1 52. Rg2+ Kf7
53. Rg3 a3 54. Ke4 Kf6 55. Rg2 Bd4 56. Bh5 Rf4+ 57. Kd3 Bb2 58. Rg8 e4+ 59. Ke3
Bc1+ 60. Kd4 Rh4 61. Bd1 Rh2 62. Kxe4 Rxa2 63. Rf8+ Ke7 64. Ra8 Rd2 65. Bg4 a2
66. b4 Rb2 67. Bd1 Bg5 68. b5 Bf6 0-1

[Event "4NCL/Div2a/OXF1 vs. JUTK"]
[Site "Hinckley Island ENG"]
[Date "2008.12.07"]
[Round "4.2"]
[White "Cooley, Chris"]
[Black "White, Michael J R"]
[Result "0-1"]
[WhiteElo "2273"]
[BlackElo "2242"]
[PlyCount "78"]
[EventDate "2008.12.07"]
[SourceDate "2008.10.04"]

1. e4 c5 2. c3 Nf6 3. e5 Nd5 4. d4 cxd4 5. Nf3 b6 6. cxd4 e6 7. Nc3 Nxc3 8.
bxc3 Qc7 9. Bd2 d6 10. Bd3 Nd7 11. Ng5 Bb7 12. Qh5 g6 13. Qh3 dxe5 14. Bxg6
hxg6 15. Qxh8 exd4 16. cxd4 Bxg2 17. Rc1 Nc5 18. dxc5 Bxh1 19. Nh7 O-O-O 20.
Nxf8 bxc5 21. Be3 c4 22. Qb2 Rxf8 23. Qb4 Rd8 24. Rxc4 Bc6 25. Qc5 Rd6 26. Bf4
e5 27. Bxe5 Re6 28. Re4 Qb7 29. Rd4 Qb1+ 30. Ke2 Qxa2+ 31. Rd2 Qa6+ 32. Kd1 Qb6
33. Qxb6 axb6 34. Bd4 Rd6 35. Kc1 Bf3 36. Kb2 g5 37. Kc3 g4 38. Be5 Rxd2 39.
Kxd2 g3 0-1

[Event "4NCL/Div2a/OXF1 vs. JUTK"]
[Site "Hinckley Island ENG"]
[Date "2008.12.07"]
[Round "4.3"]
[White "Eckersley-Waites, Tom"]
[Black "Naylor, John"]
[Result "1-0"]
[WhiteElo "2222"]
[BlackElo "2191"]
[PlyCount "43"]
[EventDate "2008.12.07"]
[SourceDate "2008.10.04"]

1. d4 Nf6 2. c4 g6 3. Nc3 Bg7 4. e4 d6 5. Nf3 O-O 6. Be2 e5 7. O-O Nc6 8. d5
Ne7 9. b4 a5 10. bxa5 Rxa5 11. a4 b6 12. Nd2 Ra8 13. Nb3 Bd7 14. Be3 Ne8 15. a5
bxa5 16. Rxa5 f5 17. c5 Rxa5 18. Nxa5 fxe4 19. c6 Bc8 20. Nb7 Bxb7 21. cxb7 Qb8
22. Qb3 1-0

[Event "4NCL/Div2a/OXF1 vs. JUTK"]
[Site "Hinckley Island ENG"]
[Date "2008.12.07"]
[Round "4.4"]
[White "Karayiannis, Costas"]
[Black "Rawlinson, Aidan"]
[Result "1/2-1/2"]
[WhiteElo "2166"]
[BlackElo "2243"]
[PlyCount "106"]
[EventDate "2008.12.07"]
[SourceDate "2008.10.04"]

1. d4 d5 2. c4 e6 3. Nf3 Nf6 4. g3 Bb4+ 5. Bd2 Be7 6. Bg2 O-O 7. O-O c6 8. Qc2
Nbd7 9. Rd1 b6 10. a4 Ba6 11. b3 Qc8 12. Na3 Ne4 13. Be1 Rb8 14. b4 c5 15. dxc5
bxc5 16. cxd5 exd5 17. b5 Bb7 18. Nd2 Ndf6 19. Nxe4 Nxe4 20. Nc4 Nxf2 21. Bxf2
dxc4 22. Qxc4 Bxg2 23. Kxg2 Re8 24. Ra2 Qb7+ 25. Qd5 Qc7 26. Qd7 Qb6 27. Qg4 a6
28. Rb1 axb5 29. axb5 Qd6 30. Qf3 Bd8 31. Rc2 Bb6 32. Rbc1 Rec8 33. g4 Qd7 34.
Bxc5 Qxb5 35. Bxb6 Rxc2 36. Rxc2 Qxb6 37. h3 Re8 38. Rc3 Qe6 39. Rc2 Qe5 40.
Ra2 h6 41. Ra8 Rxa8 42. Qxa8+ Kh7 43. Qf3 Kg6 44. h4 f5 45. Qxf5+ Qxf5 46.
gxf5+ Kxf5 47. Kf3 Ke5 48. e3 Kf5 49. e4+ Kf6 50. Kf4 g6 51. Kf3 Ke5 52. Ke3 g5
53. hxg5 hxg5 1/2-1/2

[Event "4NCL/Div2a/OXF1 vs. JUTK"]
[Site "Hinckley Island ENG"]
[Date "2008.12.07"]
[Round "4.5"]
[White "Shaw, David A"]
[Black "Rich, Mark"]
[Result "1/2-1/2"]
[WhiteElo "2250"]
[BlackElo "2170"]
[PlyCount "44"]
[EventDate "2008.12.07"]
[SourceDate "2008.10.04"]

1. e4 c5 2. Nf3 a6 3. g3 Nc6 4. Bg2 e5 5. O-O g6 6. Nc3 Bg7 7. d3 Nge7 8. Be3
d6 9. Qd2 Bg4 10. Nh4 Qd7 11. f3 Bh3 12. f4 Bxg2 13. Kxg2 exf4 14. Bxf4 O-O 15.
Bh6 Nd4 16. Rf2 f5 17. Raf1 b5 18. Bxg7 Kxg7 19. exf5 Nexf5 20. Nxf5+ Rxf5 21.
Rxf5 Nxf5 22. Ne4 Qe7 1/2-1/2

[Event "4NCL/Div2a/OXF1 vs. JUTK"]
[Site "Hinckley Island ENG"]
[Date "2008.12.07"]
[Round "4.6"]
[White "Rice, Chris"]
[Black "Smallbone, Kieran"]
[Result "1/2-1/2"]
[WhiteElo "2107"]
[BlackElo "2235"]
[PlyCount "79"]
[EventDate "2008.12.07"]
[SourceDate "2008.10.04"]

1. c4 c6 2. b3 d5 3. Bb2 Nf6 4. g3 Bf5 5. Bg2 Nbd7 6. Nf3 e6 7. O-O Be7 8. d3
h6 9. Nbd2 O-O 10. Qc2 a5 11. a3 Re8 12. Bc3 Bf8 13. Qb2 Bh7 14. b4 axb4 15.
axb4 Rxa1 16. Rxa1 dxc4 17. Nxc4 Nd5 18. Bd2 g5 19. Qb3 e5 20. e4 Nc7 21. Bc3
Nb5 22. Ncxe5 Nxe5 23. Nxe5 Nxc3 24. Qxc3 Qe7 25. Ng4 Bg7 26. e5 Bxe5 27. Nxh6+
Kg7 28. d4 Kxh6 29. dxe5 Qxe5 30. Qc1 Qd4 31. h4 f6 32. hxg5+ fxg5 33. Ra5 Re5
34. Rxe5 Qxe5 35. Qc5 Qxc5 36. bxc5 Kg7 37. Bh3 Kf6 38. Bc8 Ke5 39. Bxb7 Be4
40. f4+ 1/2-1/2

[Event "4NCL/Div2a/OXF1 vs. JUTK"]
[Site "Hinckley Island ENG"]
[Date "2008.12.07"]
[Round "4.7"]
[White "Tidman, Sophie"]
[Black "Donovan, Nigel"]
[Result "1/2-1/2"]
[WhiteElo "2095"]
[BlackElo "2093"]
[PlyCount "116"]
[EventDate "2008.12.07"]
[SourceDate "2008.10.04"]

1. e4 c5 2. Nf3 d6 3. d4 cxd4 4. Nxd4 Nf6 5. Nc3 e6 6. g4 h6 7. h4 a6 8. Bg2
Nc6 9. g5 hxg5 10. hxg5 Rxh1+ 11. Bxh1 Nd7 12. f4 Qb6 13. Nde2 g6 14. b3 Qc5
15. Qd2 b5 16. Bb2 Bb7 17. O-O-O O-O-O 18. Kb1 Qf2 19. a4 b4 20. Na2 Nc5 21. f5
gxf5 22. exf5 Qxf5 23. Bxc6 Bxc6 24. Nd4 Qe4 25. Nxc6 Qxc6 26. Nxb4 Qf3 27. Re1
d5 28. Nc6 Re8 29. Be5 Nxb3 30. cxb3 Qxb3+ 31. Qb2 Qxb2+ 32. Kxb2 Kb7 33. Rc1
Be7 34. Nxe7 Rxe7 35. a5 Rd7 36. Kc3 d4+ 37. Bxd4 Rd5 38. Rf1 Rxg5 39. Rxf7+
Kc6 40. Bb6 Kb5 41. Re7 Re5 42. Kd4 Rd5+ 43. Ke4 Rd1 44. Ke5 Rd2 45. Rb7 Rd1
46. Kxe6 Rh1 47. Bc7+ Kc6 48. Ra7 Rh7 49. Rxa6+ Kb7 50. Rb6+ Kxc7 51. Rb5 Rh6+
52. Ke7 Rh7+ 53. Ke8 Rh8+ 54. Kf7 Kc6 55. Re5 Rh1 56. Ke6 Rh6+ 57. Ke7 Rh7+ 58.
Kf6 Rh6+ 1/2-1/2

[Event "4NCL/Div2a/OXF1 vs. JUTK"]
[Site "Hinckley Island ENG"]
[Date "2008.12.07"]
[Round "4.8"]
[White "Wilson, Alexandra"]
[Black "Dickinson, Timothy R"]
[Result "1-0"]
[WhiteElo "2026"]
[BlackElo "2158"]
[PlyCount "45"]
[EventDate "2008.12.07"]
[SourceDate "2008.10.04"]

1. e4 c6 2. d4 d5 3. e5 Bf5 4. Nf3 e6 5. Be2 Ne7 6. O-O Nd7 7. c3 c5 8. Be3 Qb6
9. Qd2 Nc6 10. Nh4 Be4 11. f3 Bxb1 12. Raxb1 Be7 13. g3 Bxh4 14. gxh4 Qd8 15.
Bf2 O-O 16. Kh1 f5 17. Rg1 Kh8 18. Rg5 Rf7 19. Rbg1 cxd4 20. cxd4 Nf8 21. h5 h6
22. R5g2 Ne7 23. Rxg7 1-0